000 00615nam a2200241Ia 4500
003 OSt
005 20220924150059.0
006 a|||||r|||| 00| 0
007 ta
008 220923b |||||||| |||| 00| 0 per d
024 _a331693
037 _cTextual
040 _aARTS
_cARTS
_bper
041 _2per
_aper
082 _aV45:1951(zM).F, 164J8
100 _aMuqtadir Au.
_9221224
245 0 _aJanghai haftasad salah
260 _c1958
650 _a PEACE
650 _aIRAN - HISTORY
942 _hV45:1951(zM).F, 164J8
_cTEXL
_2CC
999 _c462138
_d462138